| 000 | 02112nam a2200349 4500 | ||
|---|---|---|---|
| 001 | 43 | ||
| 003 | OSt | ||
| 005 | 20250528074010.0 | ||
| 008 | 250122b |||||||e |||| 00| 1 eng d | ||
| 040 | _bpor | ||
| 041 |
_hfre _apor |
||
| 082 |
_a843 _bB198m |
||
| 100 | 1 |
_aBalzac, Honoré de, _d1799-1850 _9121 |
|
| 240 | _aLa Femme de trente ans | ||
| 245 |
_aA mulher de trinta anos / _cBalzac, Honoré de ; Tradução de Casimiro Fernandes e Wilson Lousada ; Apresentação de Paulo Rónai |
||
| 260 |
_aSão Paulo _bAbril _c1985 |
||
| 300 | _a203 p. | ||
| 490 | 1 | _aGrandes Romancistas | |
| 520 | _aAntes de Emma Bovary, antes de Anna Kariênina, existiu Julie. Contrariando os conselhos do pai, ela julga-se apaixonada e decide se casar ainda muito jovem com um coronel do exército napoleônico. Em pouquíssimo tempo, descobre-se infeliz no casamento e na maternidade, presa a obrigações que não pretende abandonar. A isso se seguem as paixões por outros homens, e anuncia-se o destino trágico da protagonista. Mas A mulher de trinta anos não é a história particular de Julie, e sim a de alguém em quem convergem as contradições do que representava ser mulher no século XIX e, por extensão, as contradições da própria sociedade moderna. Com sua reputação de grande conhecedor do coração feminino, Balzac, que deveu sua formação às diversas mulheres mais velhas com quem se relacionou, aponta neste livro para a profundidade da alma que só pode vir da experiência. Esta edição do mais famoso texto de Cenas da vida privada, subdivisão de A comédia humana, traz uma introdução da escritora, ensaísta e crítica literária Eliane Robert Moraes. | ||
| 650 | 0 |
_aLiteratura francesa _9122 |
|
| 650 | 0 |
_aAmor e Paixão _925 |
|
| 650 | 0 |
_aClássicos _977 |
|
| 650 | 0 |
_aHistórico _953 |
|
| 650 | 0 |
_aEmponderamento _932 |
|
| 655 | 0 |
_aRomance _923 |
|
| 655 | 0 |
_aFicção _922 |
|
| 700 |
_aCasimiro Fernandes _eTradutor _9123 |
||
| 700 |
_aWilson Lousada _eTradutor _9124 |
||
| 700 |
_aPaulo Rónai _eApresentação _9125 |
||
| 830 |
_aGrandes Romancistas _9126 |
||
| 942 |
_2ddc _n0 _cBK |
||
| 999 |
_c43 _d43 |
||